Statistics for Name The Celebrity From Their Spouses

Click here to take the quiz!

General Stats

  • This quiz has been taken 74 times
  • The average score is 7 of 12

Answer Stats

Partner 1Partner 2Celebrity Answer% Correct
Nicole KidmanKatie HolmesTom Cruise
92%
Ashton KutcherBruce WillisDemi Moore
80%
Billy Bob ThorntonJonny Lee MillerAngelina Jolie
79%
Eddie FisherRichard BurtonElizabeth Taylor
71%
Melissa MathisonCalista FlockhartHarrison Ford
62%
Marilyn MonroeDorothy ArnoldJoe DiMaggio
59%
Denise RichardsBrooke MuellerCharlie Sheen
53%
David FurnishRenate BlauelElton John
47%
Peter AllenDavid GestLiza Minelli
47%
Lisa Marie PresleyAlice KimNicolas Cage
41%
Tom GreenWill KopelmanDrew Barrymore
39%
Geena DavisPatricia GaulJeff Goldblum
33%

Score Distribution

Percentile by Number Answered

Percent of People with Each Score

Your Score History

You have not taken this quiz